000 00645nam a2200229Ia 4500
003 OSt
005 20220928145004.0
006 a|||||r|||| 00| 0
007 ta
008 220927b |||||||| |||| 00| 0 eng d
024 _a77937
037 _cTextual
040 _aSDCL
_cSDCL
_beng
041 _2eng
_aeng
082 _aV4:19(zP)'N7, M0
100 _aChawla Sudershan Ed.
_9511027
245 0 _aChanging patterns of security and stability in Asia.
260 _c1980
700 _a Sardesai D R Ed.
_9427663
942 _hV4:19(zP)'N7, M0
_cTEXL
_2CC
999 _c831251
_d831251